000 00719nam a22001937a 4500
003 0
005 20240918104622.0
008 240918b xxu||||| |||| 00| 0 eng d
020 _a978-1-03-227218-4
050 _aHM 742
_b.St77 2024
245 _aStrategic social media as activism:
_brepression, resistance, rebellion, reform
_cedited by Adrienne A. Wallace and Regina Luttrell
260 _aNew York
_bRoutledge
_cc2024.
300 _axxvi, 314 pages :
_bblack and white illustrations and pictures ;
_c23cm.
504 _aIncludes bibliographical references, index, and glossary.
650 _aSocial media--Political aspects.
650 _aSocial movements.
650 _aSocial aspects.
942 _2lcc
_cBK
999 _c366240
_d366240